Community Pharmacy( With hand on practical exercise) (Record no. 6281)

MARC details
000 -LEADER
fixed length control field 00413nam a22001577a 4500
005 - DATE AND TIME OF LATEST TRANSACTION
control field 20200518131018.0
008 - FIXED-LENGTH DATA ELEMENTS--GENERAL INFORMATION
fixed length control field 200518b xxu||||| |||| 00| 0 eng d
041 ## - LANGUAGE CODE
Language code of text/sound track or separate title eng
082 ## - DEWEY DECIMAL CLASSIFICATION NUMBER
Classification number 615.1 BAN
100 ## - MAIN ENTRY--AUTHOR NAME
Personal name Bansal Mayank
245 ## - TITLE STATEMENT
Title Community Pharmacy( With hand on practical exercise)
260 ## - PUBLICATION, DISTRIBUTION, ETC. (IMPRINT)
Place of publication Modinagar (UP)
Name of publisher Unnati Publication
Year of publication 2011
300 ## - PHYSICAL DESCRIPTION
Number of Pages 240
650 ## - SUBJECT ADDED ENTRY--TOPICAL TERM
Topical Term Pharmacy
942 ## - ADDED ENTRY ELEMENTS (KOHA)
Koha item type Books
Holdings
Lost status Damaged status Collection code Home library Current library Shelving location Date acquired Source of acquisition Cost, normal purchase price Full call number Accession Number Koha item type
    PHARMACY JRU Library JRU Library SHELF - 19 - I 18/05/2020 PURCHASE 200.00 615.1 BAN 23995 Books
    PHARMACY JRU Library JRU Library SHELF - 19 - I 18/05/2020 PURCHASE 200.00 615.1 BAN 23996 Books
    PHARMACY JRU Library JRU Library SHELF - 19 - I 18/05/2020 PURCHASE 200.00 615.1 BAN 23997 Books
    PHARMACY JRU Library JRU Library SHELF - 19 - I 18/05/2020 PURCHASE 200.00 615.1 BAN 23998 Books
    PHARMACY JRU Library JRU Library SHELF - 19 - I 18/05/2020 PURCHASE 200.00 615.1 BAN 23999 Books